[Event "Hessen-ch Seniors op 04th"]
[Site "Bad Sooden-Allendorf"]
[Date "2008.04.29"]
[Round "6"]
[White "Rudolph, Rainer"]
[Black "Von Wegerer, Anneliese"]
[Result "1-0"]
[WhiteElo "1350"]
[BlackElo "1033"]
[PlyCount "53"]
[EventDate "2008.04.24"]
[EventType "swiss"]
[EventRounds "9"]
[EventCountry "GER"]
[SourceTitle "EXT 2022"]
[Source "ChessBase"]
[SourceDate "2021.10.06"]
[SourceVersion "1"]
[SourceVersionDate "2021.10.06"]
[SourceQuality "1"]

1. e4 e5 2. Nf3 Nc6 3. Bc4 h6 4. a3 a6 5. 0-0 Nf6 6. Nc3 d6 7. h3 Bd7 8. d4 Be7 9. d5 Na5 10. Be2 b5 11. b4 Nb7 12. Be3 Qc8 13. a4 Nd8 14. Kh2 g5 15. axb5 Nh5 16. Rxa6 Rb8 17. Qa1 Qb7 18. Ra7 Qc8 19. Qa6 Qxa6 20. bxa6 Rxb4 21. Rxc7 Nf6 22. a7 g4 23. hxg4 Nxg4+ 24. Kg1 h5 25. a8Q Rg8 26. Rxd7 Kxd7 27. Bb5+ 1-0

[Event "Hessen-ch Seniors op 04th"]
[Site "Bad Sooden-Allendorf"]
[Date "2008.04.28"]
[Round "5"]
[White "Schmidt, Werner"]
[Black "Von Wegerer, Anneliese"]
[Result "1-0"]
[WhiteElo "1419"]
[BlackElo "1033"]
[PlyCount "49"]
[EventDate "2008.04.24"]
[EventType "swiss"]
[EventRounds "9"]
[EventCountry "GER"]
[SourceTitle "EXT 2022"]
[Source "ChessBase"]
[SourceDate "2021.10.06"]
[SourceVersion "1"]
[SourceVersionDate "2021.10.06"]
[SourceQuality "1"]

1. Nc3 Nf6 2. Nf3 e6 3. e4 d6 4. Bc4 h6 5. d3 a6 6. a3 Bd7 7. 0-0 Be7 8. Ne2 b5 9. Ba2 e5 10. h3 Nc6 11. c3 a5 12. Qb3 0-0 13. Qd1 a4 14. Ng3 Qe8 15. Nh4 Bxh3 16. f4 Bg4 17. Qe1 g6 18. Nxg6 Kg7 19. Nxf8 Qxf8 20. fxe5 dxe5 21. Nf5+ Bxf5 22. Rxf5 Bd6 23. Qg3+ Kh7 24. Rxf6 Ne7 25. Rxf7+ 1-0

[Event "Hessen-ch Seniors op 04th"]
[Site "Bad Sooden-Allendorf"]
[Date "2008.04.24"]
[Round "1"]
[White "Von Wegerer, Anneliese"]
[Black "Schuetze, Manfred"]
[Result "0-1"]
[WhiteElo "1033"]
[BlackElo "1694"]
[PlyCount "50"]
[EventDate "2008.04.24"]
[EventType "swiss"]
[EventRounds "9"]
[EventCountry "GER"]
[SourceTitle "EXT 2022"]
[Source "ChessBase"]
[SourceDate "2021.10.06"]
[SourceVersion "1"]
[SourceVersionDate "2021.10.06"]
[SourceQuality "1"]

1. e4 e5 2. Nf3 Nc6 3. c3 Nf6 4. d3 d5 5. Nbd2 Bg4 6. Be2 h6 7. h3 Be6 8. 0-0 Be7 9. Qc2 0-0 10. a3 a5 11. Bd1 Qd7 12. a4 Nh7 13. Re1 d4 14. c4 Nb4 15. Qb3 g6 16. Nf1 Ng5 17. Nxg5 Bxg5 18. g4 f6 19. Nh2 Kf7 20. Nf3 Rh8 21. Be2 Rag8 22. Nxg5+ hxg5 23. Bd2 Rxh3 24. Bxb4 axb4 25. Qxb4 Bxg4 0-1

[Event "Niedersachsen-ch Seniors op 10th"]
[Site "Bad Bevensen"]
[Date "2007.07.09"]
[Round "7"]
[White "Von Wegerer, Anneliese"]
[Black "Freerksen, Uwe"]
[Result "0-1"]
[WhiteElo "792"]
[BlackElo "1020"]
[PlyCount "44"]
[EventDate "2007.07.03"]
[EventType "swiss"]
[EventRounds "9"]
[EventCountry "GER"]
[SourceTitle "EXT 2022"]
[Source "ChessBase"]
[SourceDate "2021.10.06"]
[SourceVersion "1"]
[SourceVersionDate "2021.10.06"]
[SourceQuality "1"]

1. e4 e5 2. c3 Nf6 3. d3 Be7 4. Be2 Nc6 5. Bd2 h6 6. h3 0-0 7. Bf3 d5 8. Qc2 d4 9. c4 a5 10. a3 b6 11. Ne2 Bd7 12. Ng3 Nh7 13. 0-0 Bg5 14. Nf5 Bxf5 15. exf5 Qd7 16. Qa4 Nb8 17. Qxd7 Nxd7 18. a4 Rad8 19. Na3 c6 20. c5 bxc5 21. Bxa5 Rc8 22. Nb5 cxb5 0-1

[Event "Hessen-ch Seniors op 03rd"]
[Site "Bad Sooden-Allendorf"]
[Date "2007.05.03"]
[Round "6"]
[White "Von Wegerer, Anneliese"]
[Black "Heidfeld, Christel"]
[Result "1/2-1/2"]
[WhiteElo "974"]
[BlackElo "1208"]
[PlyCount "25"]
[EventDate "2007.04.27"]
[EventType "swiss"]
[EventRounds "9"]
[EventCountry "GER"]
[SourceTitle "EXT 2022"]
[Source "ChessBase"]
[SourceDate "2021.10.06"]
[SourceVersion "1"]
[SourceVersionDate "2021.10.06"]
[SourceQuality "1"]

1. e4 e5 2. a3 Bc5 3. c3 Qf6 4. Nf3 h6 5. d3 Ne7 6. Nbd2 a6 7. Be2 0-0 8. 0-0 d5 9. b4 Ba7 10. Bb2 b5 11. Nb3 Nd7 12. Qc2 Nb6 13. Na5 1/2-1/2

[Event "Niedersachsen-ch Seniors op 09th"]
[Site "Bad Bevensen"]
[Date "2006.06.27"]
[Round "4"]
[White "Noack, Heinz"]
[Black "Von Wegerer, Anneliese"]
[Result "1-0"]
[WhiteElo "1397"]
[BlackElo "1009"]
[PlyCount "91"]
[EventDate "2006.06.24"]
[EventType "swiss"]
[EventRounds "9"]
[EventCountry "GER"]
[SourceTitle "EXT 2022"]
[Source "ChessBase"]
[SourceDate "2021.10.06"]
[SourceVersion "1"]
[SourceVersionDate "2021.10.06"]
[SourceQuality "1"]

1. d4 d5 2. c4 dxc4 3. e3 b5 4. Nc3 c6 5. a4 Bd7 6. b3 b4 7. Na2 a5 8. Bxc4 e6 9. Nf3 f6 10. e4 Ne7 11. 0-0 Nc8 12. Be3 Nd6 13. Bd3 Nb7 14. Nc1 Be7 15. Ne2 Nd6 16. Ng3 Nf7 17. Qd2 0-0 18. Rac1 Qc8 19. h3 Qb7 20. Nh2 Bd6 21. f4 Qc7 22. Nf3 Ng5 23. Ne2 Nxh3+ 24. gxh3 Be7 25. Kf2 Qd8 26. f5 exf5 27. exf5 c5 28. Rg1 Kh8 29. Nf4 Nc6 30. Be4 Rc8 31. d5 Ne5 32. Ne6 Bxe6 33. dxe6 Nxf3 34. Kxf3 Qxd2 35. Bxd2 Rfd8 36. Be3 Rc7 37. Rc4 Bd6 38. Bf4 Bxf4 39. Kxf4 Rd4 40. Rgc1 Rxc4 41. Rxc4 h5 42. h4 Kh7 43. Bd5 Kh6 44. Ke4 g5 45. fxg6 Kxg6 46. Rc2 1-0

[Event "Niedersachsen-ch Seniors op 09th"]
[Site "Bad Bevensen"]
[Date "2006.06.24"]
[Round "2"]
[White "Von Wegerer, Anneliese"]
[Black "Vogel, Wolfgang"]
[Result "0-1"]
[WhiteElo "1009"]
[BlackElo "1637"]
[PlyCount "66"]
[EventDate "2006.06.24"]
[EventType "swiss"]
[EventRounds "9"]
[EventCountry "GER"]
[SourceTitle "EXT 2022"]
[Source "ChessBase"]
[SourceDate "2021.10.06"]
[SourceVersion "1"]
[SourceVersionDate "2021.10.06"]
[SourceQuality "1"]

1. e4 e5 2. d3 Nc6 3. Nf3 Nf6 4. c3 d6 5. Be2 Be7 6. Bg5 Be6 7. Nbd2 Qd7 8. h3 0-0-0 9. Bh4 h6 10. Nf1 d5 11. Qc2 d4 12. a3 Bd6 13. c4 Be7 14. N1d2 Rhf8 15. Nb3 g5 16. Bxg5 hxg5 17. Nxg5 Rg8 18. Nxe6 Qxe6 19. Bf3 Kb8 20. Nd2 Nh7 21. Bg4 Qh6 22. Nf3 Rxg4 23. Kf1 Rdg8 24. Rh2 Rf4 25. Qd2 Qg6 26. Nxe5 Nxe5 27. Qxf4 Nxd3 28. Qf3 Ne5 29. Qf5 Bd6 30. Qxg6 Rxg6 31. g4 Nxc4 32. Rd1 Bxh2 33. Rxd4 Nd6 0-1

[Event "Hessen-ch Seniors op 02nd"]
[Site "Bad Sooden-Allendorf"]
[Date "2006.05.02"]
[Round "8"]
[White "Traeger, Margarete"]
[Black "Von Wegerer, Anneliese"]
[Result "1/2-1/2"]
[WhiteElo "1242"]
[BlackElo "1105"]
[PlyCount "34"]
[EventDate "2006.04.25"]
[EventType "swiss"]
[EventRounds "9"]
[EventCountry "GER"]
[SourceTitle "EXT 2007"]
[Source "ChessBase"]
[SourceDate "2006.11.23"]
[SourceVersion "1"]
[SourceVersionDate "2006.11.23"]
[SourceQuality "1"]

1. e4 e5 2. Nf3 d6 3. a3 Bd7 4. Bc4 h6 5. Nc3 c6 6. h3 Be7 7. d3 Nf6 8. 0-0 0-0 9. b4 b5 10. Ba2 Nh7 11. Nh2 Ng5 12. Nf3 Nxh3+ 13. gxh3 Bxh3 14. Nh4 Bxh4 15. Qf3 Bg4 16. Qh1 Qe7 17. Be3 Nd7 1/2-1/2

[Event "Hessen-ch Seniors op 02nd"]
[Site "Bad Sooden-Allendorf"]
[Date "2006.04.25"]
[Round "1"]
[White "Von Wegerer, Anneliese"]
[Black "Philipp, Guenther"]
[Result "0-1"]
[WhiteElo "1105"]
[BlackElo "1710"]
[PlyCount "86"]
[EventDate "2006.04.25"]
[EventType "swiss"]
[EventRounds "9"]
[EventCountry "GER"]
[SourceTitle "EXT 2007"]
[Source "ChessBase"]
[SourceDate "2006.11.23"]
[SourceVersion "1"]
[SourceVersionDate "2006.11.23"]
[SourceQuality "1"]

1. e4 c6 2. Nc3 d5 3. exd5 cxd5 4. d4 e6 5. Nf3 Nf6 6. Bg5 Be7 7. Bb5+ Bd7 8. Bxd7+ Nbxd7 9. 0-0 0-0 10. Qe1 h6 11. Bxh6 gxh6 12. h3 Nh7 13. Ne5 Nxe5 14. Qxe5 Bf6 15. Qg3+ Bg7 16. Ne2 Rc8 17. c3 Qg5 18. f4 Qxg3 19. Nxg3 Nf6 20. f5 a5 21. fxe6 fxe6 22. Ne2 Ne4 23. Rxf8+ Rxf8 24. Kh2 b5 25. a3 Rf2 26. Re1 Kf7 27. Ng3 Nxg3 28. Kxg3 Rxb2 29. Rf1+ Ke7 30. Rf3 Rb3 31. Kg4 Rxa3 32. Kh5 Bxd4 33. Kg6 Bxc3 34. Rf7+ Kd6 35. Kxh6 Bd2+ 36. Kh7 Rg3 37. Rf2 Bc3 38. Kh6 b4 39. Kh5 b3 40. Kh4 Rg8 41. g4 Be1 42. Kg3 Bxf2+ 43. Kxf2 b2 0-1

[Event "Hessen-ch Seniors op 01st"]
[Site "Bad Sooden-Allendorf"]
[Date "2005.04.30"]
[Round "9"]
[White "Von Wegerer, Anneliese"]
[Black "Eigenmann, Peter"]
[Result "0-1"]
[WhiteElo "1263"]
[BlackElo "1400"]
[PlyCount "100"]
[EventDate "2005.04.22"]
[EventType "swiss"]
[EventRounds "9"]
[EventCountry "GER"]
[SourceTitle "EXT 2007"]
[Source "ChessBase"]
[SourceDate "2006.11.23"]
[SourceVersion "1"]
[SourceVersionDate "2006.11.23"]
[SourceQuality "1"]

1. e4 d6 2. d4 Nf6 3. Nc3 g6 4. Nf3 Bg7 5. Be2 0-0 6. 0-0 b6 7. Bd3 c5 8. d5 a6 9. Re1 b5 10. a3 c4 11. Be2 Nbd7 12. Nd4 Bb7 13. Bf3 Ne5 14. Be2 Qb6 15. Be3 Qc7 16. h3 Ned7 17. f4 Nc5 18. Bf3 Qc8 19. f5 Ncd7 20. fxg6 fxg6 21. Ne6 Rf7 22. Nxg7 Kxg7 23. Qd2 Ng8 24. Bg4 Qe8 25. Be6 Rf8 26. Bd4+ Ne5 27. Rf1 Bc8 28. Qg5 Bxe6 29. dxe6 Rf6 30. Bxe5 dxe5 31. Qxe5 Qb8 32. Qxb8 Rxb8 33. Nd5 Rxe6 34. Rae1 Rd8 35. Nc7 Red6 36. e5 Rc6 37. e6 Rxc7 38. Rf7+ Kh6 39. g4 Rc5 40. h4 g5 41. Re2 gxh4 42. Ref2 Re5 43. Kg2 Rxe6 44. Kh3 Nf6 45. Kxh4 Kg6 46. R7xf6+ Rxf6 47. Kg3 Rxf2 48. Kxf2 Rd2+ 49. Kf3 h6 50. Ke3 Rxc2 0-1

[Event "Bad Sooden-Allendorf Seniors op 16th"]
[Site "Bad Sooden-Allendorf"]
[Date "2004.04.30"]
[Round "9"]
[White "Von Wegerer, Anneliese"]
[Black "Graffenberger, Marianne"]
[Result "0-1"]
[WhiteElo "1265"]
[BlackElo "1351"]
[PlyCount "96"]
[EventDate "2004.04.22"]
[EventType "swiss"]
[EventRounds "9"]
[EventCountry "GER"]
[SourceTitle "EXT 2006"]
[Source "ChessBase"]
[SourceDate "2005.11.24"]
[SourceVersion "1"]
[SourceVersionDate "2005.11.24"]
[SourceQuality "1"]

1. e4 e5 2. g3 Nf6 3. d3 Nc6 4. c3 d5 5. Nd2 dxe4 6. Nxe4 Nxe4 7. Bg2 Nf6 8. Bg5 Be7 9. h3 h6 10. Bxf6 Bxf6 11. Be4 0-0 12. Nf3 Ne7 13. Qc2 Rb8 14. 0-0-0 Bf5 15. Kb1 Bxe4 16. dxe4 Qc8 17. h4 Ng6 18. Nh2 Rd8 19. Qe2 Rxd1+ 20. Rxd1 Qe6 21. Ng4 Be7 22. h5 Nf8 23. Ne3 Rd8 24. Rxd8 Bxd8 25. Nf5 Bf6 26. Qg4 g6 27. hxg6 Nxg6 28. Nxh6+ Kg7 29. Qh5 Kf8 30. Nf5 Ke8 31. Qh6 Qd7 32. Ne3 Qd2 33. a3 Qxf2 34. Nf5 Qe1+ 35. Ka2 Qxe4 36. Ng7+ Bxg7 37. Qxg7 Qg4 38. Qg8+ Ke7 39. Qb8 Qc4+ 40. Ka1 b6 41. Qxa7 e4 42. Qb7 e3 43. Qh1 e2 44. Qg1 Qd3 45. Ka2 Qd5+ 46. Ka1 Qd1+ 47. Qxd1 exd1Q+ 48. Ka2 Qg4 0-1

[Event "Bad Sooden-Allendorf Seniors op 16th"]
[Site "Bad Sooden-Allendorf"]
[Date "2004.04.27"]
[Round "6"]
[White "Vogel, Gerhard1111"]
[Black "Von Wegerer, Anneliese"]
[Result "1-0"]
[WhiteElo "1390"]
[BlackElo "1265"]
[PlyCount "80"]
[EventDate "2004.04.22"]
[EventType "swiss"]
[EventRounds "9"]
[EventCountry "GER"]
[SourceTitle "EXT 2006"]
[Source "ChessBase"]
[SourceDate "2005.11.24"]
[SourceVersion "1"]
[SourceVersionDate "2005.11.24"]
[SourceQuality "1"]

1. b4 d6 2. Bb2 Nd7 3. a3 e5 4. e4 Be7 5. Bc4 Ngf6 6. d3 0-0 7. Nf3 c6 8. h3 Nb6 9. Bb3 Bd7 10. Nbd2 a5 11. bxa5 Rxa5 12. c4 c5 13. Bc3 Ra8 14. Nh2 Na4 15. Bxa4 Bxa4 16. Qe2 Bc2 17. 0-0 Ba4 18. Rfb1 Qd7 19. Ng4 Nxg4 20. hxg4 Bc6 21. f3 Bh4 22. Nf1 Qe7 23. g3 Bg5 24. Kg2 Qf6 25. Ne3 Qe7 26. Nd5 Bxd5 27. exd5 f6 28. Qe4 g6 29. f4 f5 30. gxf5 gxf5 31. Qe3 Bxf4 32. gxf4 Rf7 33. Rh1 Rg7+ 34. Kf2 Qf6 35. fxe5 Qg6 36. Rag1 Qf7 37. e6 Qe7 38. Rxg7+ Qxg7 39. Bxg7 Kxg7 40. Rg1+ Kf6 1-0

[Event "Bad Sooden-Allendorf Seniors op 14th"]
[Site "Bad Sooden-Allendorf"]
[Date "2002.04.30"]
[Round "9"]
[White "Von Wegerer, Anneliese"]
[Black "Bodinger, Karl"]
[Result "0-1"]
[WhiteElo "1209"]
[BlackElo "1577"]
[PlyCount "50"]
[EventDate "2002.04.??"]
[EventType "swiss"]
[EventRounds "9"]
[EventCountry "GER"]
[SourceTitle "EXT 2006"]
[Source "ChessBase"]
[SourceDate "2005.11.24"]
[SourceVersion "1"]
[SourceVersionDate "2005.11.24"]
[SourceQuality "1"]

1. e4 c5 2. c4 Nc6 3. Nf3 d6 4. h3 g6 5. a3 Bg7 6. d3 Nf6 7. Be2 0-0 8. Rh2 Ne8 9. Ra2 e6 10. Bg5 f6 11. Bh4 e5 12. Nc3 a6 13. Qd2 Nd4 14. Nxd4 cxd4 15. Nd5 a5 16. Bg3 h6 17. Bh5 Nc7 18. Nb6 Ra7 19. Nxc8 Qxc8 20. Bxg6 Ne6 21. Bf5 Qe8 22. Qd1 b5 23. b4 bxc4 24. dxc4 Re7 25. h4 axb4 0-1

[Event "Bad Sooden-Allendorf Seniors op 14th"]
[Site "Bad Sooden-Allendorf"]
[Date "2002.04.27"]
[Round "6"]
[White "Lisek, Irma"]
[Black "Von Wegerer, Anneliese"]
[Result "1-0"]
[WhiteElo "1503"]
[BlackElo "1209"]
[PlyCount "87"]
[EventDate "2002.04.??"]
[EventType "swiss"]
[EventRounds "9"]
[EventCountry "GER"]
[SourceTitle "EXT 2006"]
[Source "ChessBase"]
[SourceDate "2005.11.24"]
[SourceVersion "1"]
[SourceVersionDate "2005.11.24"]
[SourceQuality "1"]

1. e4 e5 2. Nf3 d6 3. Nc3 Nf6 4. Bc4 h6 5. d4 Bg4 6. dxe5 Bxf3 7. Qxf3 dxe5 8. 0-0 c6 9. Be3 Nbd7 10. Rad1 g6 11. Rxd7 Qxd7 12. Qxf6 Rg8 13. Qxe5+ Qe7 14. Qxe7+ Bxe7 15. Bxh6 g5 16. h4 gxh4 17. Be3 Rh8 18. Rd1 b6 19. Ne2 Rh7 20. Nf4 Rd8 21. Rxd8+ Bxd8 22. Nh3 f6 23. Bd3 a5 24. e5 Rh8 25. exf6 Bxf6 26. Bxb6 Bxb2 27. Bxa5 Bf6 28. Bd2 Rg8 29. a4 Rg4 30. c4 Rd4 31. Nf4 Ke7 32. Kf1 Kd6 33. Ke2 Be5 34. Ng6 Bf6 35. a5 Rg4 36. a6 Rxg2 37. a7 h3 38. a8Q h2 39. Bf4+ Kc5 40. Qa7+ Kb4 41. Qb8+ Kc5 42. Bd2 Kd4 43. Qb6+ c5 44. Qb2# 1-0

[Event "Bad Sooden-Allendorf Seniors op 14th"]
[Site "Bad Sooden-Allendorf"]
[Date "2002.04.22"]
[Round "1"]
[White "Hartmann, Rudi"]
[Black "Von Wegerer, Anneliese"]
[Result "1-0"]
[WhiteElo "1740"]
[BlackElo "1209"]
[PlyCount "124"]
[EventDate "2002.04.??"]
[EventType "swiss"]
[EventRounds "9"]
[EventCountry "GER"]
[SourceTitle "EXT 2006"]
[Source "ChessBase"]
[SourceDate "2005.11.24"]
[SourceVersion "1"]
[SourceVersionDate "2005.11.24"]
[SourceQuality "1"]

1. e4 e5 2. Nf3 Nc6 3. Bb5 a6 4. Ba4 Bc5 5. 0-0 Nf6 6. d3 0-0 7. Bxc6 dxc6 8. Nxe5 Re8 9. Nf3 Bg4 10. h3 Bh5 11. Be3 Be7 12. Nc3 Nd7 13. g4 Bg6 14. Qd2 f6 15. Nh2 Nf8 16. f4 Qd6 17. a3 b5 18. Nf3 Nd7 19. Nh4 Nf8 20. Kg2 Bf7 21. Nf5 Qd7 22. Nxe7+ Qxe7 23. Qf2 Nd7 24. Rfe1 a5 25. Ne2 a4 26. Nd4 Nb8 27. Bd2 Qd7 28. Nf3 Na6 29. e5 Qd5 30. Kg3 c5 31. exf6 gxf6 32. Bc3 Qd6 33. Rxe8+ Rxe8 34. Re1 b4 35. Rxe8+ Bxe8 36. Bd2 Bf7 37. Qe3 c6 38. c4 Bg6 39. Ne1 Kf7 40. Kg2 Nc7 41. f5 Bxf5 42. gxf5 Qe5 43. Qxe5 fxe5 44. axb4 Kf6 45. bxc5 Kxf5 46. Kf3 Ne6 47. Be3 h5 48. Ng2 Nc7 49. Nh4+ Kf6 50. Ke4 Na6 51. Nf3 Nb4 52. Nxe5 Ke6 53. Bd2 Na6 54. d4 Nc7 55. Nxc6 Kf6 56. d5 Kf7 57. Ne5+ Ke8 58. Ba5 Na6 59. Nd3 Kf7 60. Ke5 Ke7 61. c6 Ke8 62. Nf2 Ke7 1-0

[Event "Bayern-ch Seniors 11th"]
[Site "Schloss Schney"]
[Date "1999.??.??"]
[Round "7"]
[White "Von Wegerer, Anneliese"]
[Black "Ambros, Hans"]
[Result "0-1"]
[WhiteElo "1350"]
[BlackElo "1600"]
[PlyCount "63"]
[EventDate "1999.11.??"]
[EventType "swiss"]
[EventRounds "9"]
[EventCountry "GER"]
[SourceTitle "EXT 2002"]
[Source "ChessBase"]
[SourceDate "2001.11.25"]
[SourceVersion "1"]
[SourceVersionDate "2001.11.25"]
[SourceQuality "1"]

1. e4 e5 2. Nf3 Nc6 3. c3 Bc5 4. h3 Nf6 5. d3 0-0 6. Bg5 h6 7. Bh4 Be7 8. Bg3 d6 9. Be2 a6 10. Nbd2 Bd7 11. 0-0 b5 12. Re1 h5 13. Nf1 Be6 14. Qc2 b4 15. Qb1 Rb8 16. Qc1 b3 17. a3 a5 18. Bh2 Nd7 19. Ng3 Nb6 20. Nd2 g6 21. Ndf1 d5 22. Bf3 d4 23. c4 Nd7 24. Qd2 Bc5 25. Qe2 Z0 26. Nxh5 gxh5 27. Bxh5 f6 28. Bg6 Qe7 29. Qh5 Qg7 30. Ng3 Qh8 31. Nf5 Bxf5 32. Qxf5 0-1

[Event "Bayern-ch Seniors 10th"]
[Site "Schloss Schney"]
[Date "1998.??.??"]
[Round "9"]
[White "Von Wegerer, Anneliese"]
[Black "Schmeusser, Alfred"]
[Result "0-1"]
[WhiteElo "1242"]
[BlackElo "1700"]
[PlyCount "94"]
[EventDate "1998.07.03"]
[EventType "swiss"]
[EventRounds "9"]
[EventCountry "GER"]
[SourceTitle "EXT 2006"]
[Source "ChessBase"]
[SourceDate "2005.11.24"]
[SourceVersion "1"]
[SourceVersionDate "2005.11.24"]
[SourceQuality "1"]

1. e4 e5 2. Nf3 Nc6 3. c3 d5 4. d3 dxe4 5. Ng5 Nf6 6. Qc2 exd3 7. Bxd3 h6 8. Ne4 Nxe4 9. Bxe4 Qf6 10. Be3 Be7 11. Nd2 0-0 12. 0-0 Nd8 13. Nf3 Ne6 14. Kh1 Nc5 15. Bxc5 Bxc5 16. b4 Bb6 17. a4 c6 18. a5 Bc7 19. c4 Bd6 20. c5 Bc7 21. Rad1 a6 22. Nd2 Be6 23. Nc4 Bxc4 24. Qxc4 Rad8 25. Qc2 Kh8 26. Rd3 g6 27. Rf3 Qe6 28. Rh3 Kg7 29. Qc1 g5 30. Rf3 f5 31. Bd3 e4 32. Bc4 Qe5 33. Rg3 Qf4 34. Qc3+ Be5 35. Qb3 Qd2 36. Re3 Qd4 37. Be2 Qd5 38. Qc2 Qd2 39. Qb3 Qd5 40. Qb1 Qe6 41. Qc1 Rd4 42. Rd1 Rfd8 43. Rxd4 Rxd4 44. Rh3 Rxb4 45. Rh5 Bf6 46. Kg1 Ra4 47. g3 Ra1 0-1